| 000 | 00370nam a22001577a 4500 | ||
|---|---|---|---|
| 003 | SGT | ||
| 020 | _a9789332507593 | ||
| 082 | _a627,HOU | ||
| 100 | _aHOUGHTALEN, ROBERT J. | ||
| 245 | _aFUNDAMENTALS OF HYDRAULIC ENGINEERING SYSTEMS | ||
| 250 | _a4TH | ||
| 260 |
_aCHENNAI _bPEARSON _c2016 |
||
| 300 | _a492 | ||
| 650 | _aHYDRAULIC ENGINEERING | ||
| 942 |
_2ddc _cBK |
||
| 999 |
_c18379 _d18379 |
||